Ruská textová učebnica pre ekonómov

Gespeichert in:
Bibliographische Detailangaben
1. Verfasser: Sopira, Andrej
Format: Buch
Sprache:Slowakisch
Veröffentlicht: Bratislava Slovenské pedagogické nakladateľstvo 1979
Ausgabe:5. vyd.
Tags: Tag hinzufügen
Keine Tags, Fügen Sie das erste Tag hinzu!

MARC

LEADER 00000nam a2200000 4500
001 0222707
005 20240822101701.5
041 0 |a slo 
044 |a SK 
245 1 0 |a Ruská textová učebnica pre ekonómov  |c Andrej Sopira a kol. 
250 |a 5. vyd. 
264 1 |a Bratislava  |b Slovenské pedagogické nakladateľstvo  |c 1979 
300 |a 174 s. 
100 1 |a Sopira, Andrej